World link : (Registro nro. 9516)

Detalles MARC
000 -LIDER
fixed length control field 00709nam a22002417a 4500
001 - NÚMERO DE CONTROL
Identificador de número de control 00136
003 - IDENTIFICACDOR DE NÚMERO DE CONTROL
control field DO-SdBNP
005 - DATE AND TIME OF LATEST TRANSACTION
control field 20180207115900.0
007 - CAMPOS FIJOS DE DESCRIPCIÓN FÍSICA
fixed length control field 00136
008 - ELEMENTOS DE LONGITUD FIJA
fixed length control field 160404b xxu 2005 ||||| |||| 00| 0 spa d
020 ## - ISBN
International Standard Book Number 9780838406618
040 ## - FUENTE DE CATALOGACIÓN
Agencia que crea de manera original el registro BPMSU
Idioma de catalogación spa
Agencia que realiza la transcripción BPMSU
092 ## - LOCALLY ASSIGNED DEWEY DECIMAL CALL NUMBER
Número de clasificación xxxxxxxxx
Número de ítem (Cutter) xxxxxxxxx
100 10 - ASIENTO PRINCIPAL -- NOMBRE PERSONAL
Nombre personal Stempleski, Susan
245 10 - MENCIÓN DE TITULO
Título World link :
Subtítulo developing english fluency /
Mención de responsabilidad Susan Stempleski ; Nancy Douglas, James R. Morgan
260 ## - PUBLICACIÓN, DISTRIBUCIÓN, ETC. (PIE DE IMPRENTA)
Lugar de publicación, distribución, etc Estados Unidos :
Nombre del editor, distribuidor, etc. Thomson Heinle,
Fecha de publicación, distribución, etc 2005.
300 ## - DESCRIPCIÓN FÍSICA
Extensión 154 p. :
Otros detalles físicos il.,
Dimensiones 28 cm.
700 10 - ASIENTO SECUNDARIO -- NOMBRE PERSONAL
Nombre personal Douglas, Nancy,
Mención de responsabilidad ed.
700 10 - ASIENTO SECUNDARIO -- NOMBRE PERSONAL
Nombre personal Morgan, James R.,
Mención de responsabilidad ed.
942 ## - ADDED ENTRY ELEMENTS (KOHA)
Source of classification or shelving scheme Dewey Decimal Classification
Koha item type Libros
945 ## - INFORMACIÓN DE PROCESAMIENTO LOCAL
Información de procesamiento local Inventariado, 2018/MFF
956 ## - LOCAL ELECTRONIC LOCATION AND ACCESS (OCLC)
Nombre de host Brenda Tavárez
Existencias
Withdrawn status Lost status Source of classification or shelving scheme Damaged status Not for loan Collection code Home library Current library Date acquired Source of acquisition Total Checkouts Barcode Date last seen Price effective from Koha item type
    Dewey Decimal Classification     Colección General Biblioteca Pública Metropolitana Salomé Ureña Biblioteca Pública Metropolitana Salomé Ureña 04/04/2016 Donación   BPMSU16040052 04/04/2016 04/04/2016 Libros